Nitra arany könyve

Bibliographic Details
Format: Book
Language:Hungarian
PhysicalDescription:63 strán, 23 strán obrazových príloh fotografie 24 cm
Published: Nitra Löwy Antal és Fiai [1940]
Subjects:

MARC

LEADER 00000nam a2200000 4500
001 vtls011982702
003 SK-MaSNL
005 20260301145704.0
008 250313s1940 xo o gr 000 0 hun
015 |a SNBA1940 
020 |q (brožované) 
035 |a urn:nbn:sk:snk-am00en98 
035 |a urn:nbn:sk:snk-am3ikit 
035 |a 74CEB33F-820B-488E-9E12-CC4587604F30 
040 |a SNK  |b slo  |c SNK  |e rda 
041 0 |a hun 
043 |a e-xo--- 
044 |a xo  |c SK 
072 7 |a 911  |x Všeobecná geografia. Systematická geografia  |2 konspekt 
080 |a 93/94-027.541  |2 2011 
080 |a (437.6)  |2 2011 
080 |a (048.8)  |2 2011 
080 |a 911.375(091)  |2 2011 
245 0 0 |a Nitra arany könyve 
264 1 |a Nitra  |b Löwy Antal és Fiai  |c [1940] 
300 |a 63 strán, 23 strán obrazových príloh  |b fotografie  |c 24 cm 
336 |a text  |b txt  |2 rdacontent 
337 |a bez média  |b n  |2 rdamedia 
338 |a zväzok  |b nc  |2 rdacarrier 
500 |a Názov z obálky 
650 0 7 |a regionálne dejiny  |2 SNKPH  |9 63645 
650 0 7 |a Regional history  |2 SNKPHeng  |9 266493 
650 0 7 |a dejiny miest  |2 SNKPH  |9 164833 
650 0 7 |a History of cities and towns  |2 SNKPHeng  |9 267901 
651 7 |a Nitra (Slovensko)  |2 SNKPHgeo  |9 15714 
651 7 |a Nitra (Slovakia)  |2 SNKPHeng  |9 265425 
655 7 |a prehľady  |2 SNKPH  |9 70194 
655 7 |a Surveys  |2 SNKPHeng  |9 266058 
852 |a Slovenská národná knižnica 
958 |a OND 
999 |c 780993  |d 782923 
952 |a SNK  |b SNK  |y PREZ  |7 0  |p 17A0847197  |o snkSC 15808  |i snkK 2734/61  |8 3  |0 0  |1 0  |4 0  |d 2020-07-20  |f 1  |l 0  |r 2025-07-18 00:00:00  |w 2026-02-24